Hindu Bias in Indian Constituion/ (Record no. 185961)

MARC details
000 -LEADER
fixed length control field 00551nam a22001817a 4500
005 - DATE AND TIME OF LATEST TRANSACTION
control field 20220211114023.0
010 ## - LCCN (DPL NO)
LC control number ENG-131530
020 ## - INTERNATIONAL STANDARD BOOK NUMBER
International Standard Book Number 9789383657407
Terms of availability 25.00
035 ## - SYSTEM CONTROL NUMBER
System control number EN-115062
037 ## - SOURCE OF ACQUISITION
Source of stock number/acquisition DBAD
082 ## - DEWEY DECIMAL CLASSIFICATION NUMBER
Classification number 342.54
100 ## - MAIN ENTRY--PERSONAL NAME
Personal name Singh, Pritam
245 ## - TITLE STATEMENT
Title Hindu Bias in Indian Constituion/
Statement of responsibility, etc Pritam Singh
260 ## - PUBLICATION, DISTRIBUTION, ETC. (IMPRINT)
Place of publication, distribution, etc New Delhi
Name of publisher, distributor, etc Critical Quest
Date of publication, distribution, etc 2017
270 ## - ADDRESS
Address 420, G-Block, Phase VI, Aya Nagar
City New Delhi
Postal code 110047
Electronic mail address criticalquest@rediffmail.com
300 ## - PHYSICAL DESCRIPTION
Extent 32p.
Dimensions 21cm(pbk)
942 ## - ADDED ENTRY ELEMENTS (KOHA)
Source of classification or shelving scheme Dewey Decimal Classification
Item type English Books
Classification part 342.54
Call number suffix PRI
Holdings
Withdrawn status Lost status Not for loan Collection code Home library Current library Date acquired Source of acquisition Cost, normal purchase price Full call number Barcode Copy number Cost, replacement price Koha item type
      Non-fiction Bawana Bawana 11/02/2022 DBAD/PUB 25.00 342.54 PRI EN-115062 1 25.00 English Books

© Delhi Public Library
Hit Counter
free hit counter